NBA Most All-Defensive Team Selections - Statistics

General Stats
  • This quiz has been taken 44 times
  • The average score is 14 of 20
Answer Stats
Selections Pos. Team Player % Correct
15 PF SAS Tim Duncan
100%
9 PF GSW Draymond Green
95%
12 PF MIN Kevin Garnett
95%
11 C LAL Kareem Abdul-Jabbar
90%
12 SG LAL Kobe Bryant
90%
10 SF CHI Scottie Pippen
90%
9 PG SEA Gary Payton
88%
9 SG CHI Michael Jordan
88%
9 C HOU Hakeem Olajuwon
85%
9 PG LAC Chris Paul
80%
8 C SAS David Robinson
80%
9 PG NJN Jason Kidd
80%
9 C UTA Rudy Gobert
73%
8 PF DET Dennis Rodman
61%
8 SF BOS John Havlicek
54%
9 PF PHI Bobby Jones
44%
9 SG BOS Dennis Johnson
37%
8 SG LAL Michael Cooper
34%
8 SF SAS Bruce Bowen
32%
8 PG CHI Norm Van Lier
2%
No matching quizzes found
Score Distribution
Percent of People with Each Score
Percentile by Number Answered
Your Score History
You have not taken this quiz